Calcio - Serie A - acquisti più costosi per ogni edizione - Statistics

Statistiche generali
  • Questo quiz è stato fatto 249 volte
  • Il punteggio medio è 17 su 30
Statistiche sulle risposte
Edizione Giocatore Da... A... Cifra spesa (in euro) % Corretto
Estate 2018/19 Cristiano Ronaldo Real Madrid Juventus 117 milioni
94%
Estate 2013/14 Gonzalo Higuain Real Madrid Napoli 39 milioni
89%
Inverno 2021/22 Dusan Vlahovic Fiorentina Juventus 83,5 milioni
88%
Inverno 2024/25 Santiago Gimenez Feyenoord Milan 32 milioni
88%
Estate 2024/2025 Teun Koopmeiners Atalanta Juventus 54,7 milioni
88%
Estate 2019/2020 Matthijs De Ligt Ajax Juventus 85,5 milioni
86%
Estate 2022/23 Bremer Torino Juventus 46,9 milioni
84%
Estate 2015/16 Paulo Dybala Palermo Juventus 41 milioni
84%
Estate 2016/17 Gonzalo Higuain Napoli Juventus 90 milioni
83%
Estate 2020/21 Arthur Barcellona Juventus 80,6 milioni
80%
Estate 2017/18 Leonardo Bonucci Juventus Milan 42 milioni
80%
Estate 2023/2024 Benjamin Pavard Bayern Monaco Inter 30 milioni
77%
Estate 2010/11 Zlatan Ibrahimovic Barcellona Milan 30 milioni
60%
Estate 2021/22 Tammy Abraham Chelsea Roma 41 milioni
57%
Inverno 2023/2024 Cyril Ngonge Hellas Verona Napoli 18 milioni
56%
Inverno 2018/19 Lucas Paquetà Flamengo Milan 38,4 milioni
55%
Inverno 2012/13 Mario Balotelli Manchester City Milan 20 milioni
49%
Estate 2014/15 Juan Manuel Iturbe Hellas Verona Roma 24,5 milioni
47%
Inverno 2016/17 Mattia Caldara Atalanta Juventus 19 milioni
41%
Inverno 2019/20 Dejan Kulusevski Atalanta Juventus 35 milioni
39%
Inverno 2014/15 Seydou Doumbia CSKA Mosca Roma 14,4 milioni
39%
Inverno 2010/11 Giampaolo Pazzini Sampdoria Inter 18 milioni
38%
Inverno 2013/14 Hernanes Lazio Inter 18 milioni
37%
Inverno 2011/12 Eduardo Vargas Universidad de Chile Napoli 13,5 milioni
35%
Estate 2012/13 Kwadkwo Asamoah Udinese Juventus 18 milioni
31%
Inverno 2020/21 Nicolò Rovella Genoa Juventus 26 milioni
31%
Inverno 2022/23 Antonin Barak Hellas Verona Fiorentina 7,86 milioni (riscatto)
25%
Estate 2011/12 Stephan El Shaarawy Genoa Milan 20,3 milioni
17%
Inverno 2017/18 Pol Lirola Juventus Sassuolo 7 milioni (riscatto)
8%
Inverno 2015/16 Rolando Mandragora Genoa Juventus 9 milioni
8%
Nessun quiz corrispondente trovato
Distribuzione punteggi
Percentuale di utenti per punteggio
Percentile per numero di risposta
I tuoi punteggi nel tempo
Non hai fatto questo quiz